000 00227nam a22000857a 4500
008 170209b xxu||||| |||| 00| 0 eng d
100 _92824
_aBharat Scots
245 _aAIMS Policy Rules and Organistion
260 _aNew delhi
_bBS
_c2010
999 _c6042
_d6042